| 000 | 00542nam a2200205Ia 4500 | ||
|---|---|---|---|
| 005 | 20250425161228.0 | ||
| 008 | 250425s9999 xx 000 0 und d | ||
| 020 | _a0849356075 | ||
| 041 | _aeng | ||
| 082 | _a615.902 | ||
| 100 | _aVETTORAZZI, GASTON | ||
| 245 | 0 | _aINTERNATIONAL REGULATORY ASPECTS FOR PESTICIDE CHEMICALS : VOLUME I TOXICITY PROFILES | |
| 250 | _aS.E. | ||
| 260 | _aBOCA RATON | ||
| 260 |
_aEstados Unidos _bCRC PRESS _c1979 |
||
| 300 | _a216 | ||
| 650 | _aPERFILES DE TOXICIDAD | ||
| 942 | _c01 | ||
| 010 | _a15665 | ||
| 999 |
_c205029 _d205029 |
||